Obras completas de Lisímaco Chavarría

Gespeichert in:
Bibliographische Detailangaben
1. Verfasser: Chavarría Palma, Lisímaco 1878-1913
Weitere Verfasser: Rodríguez Cascante, Francisco (HerausgeberIn)
Format: Buch
Sprache:Spanish
Veröffentlicht: San José, Costa Rica Editorial de la Universidad de Costa Rica 2013
Ausgabe:1. edición
Schlagworte:
Tags: Tag hinzufügen
Keine Tags, Fügen Sie den ersten Tag hinzu!

MARC

LEADER 00000nam a22000007a 4500
007 ta
008 131111s2013 CR A f |||| 011 pbspa d
020 |a 9789968463775 
040 |a cru CIICLA Universidad de Costa Rica  |c cru CIICLA Universidad de Costa Rica 
100 1 0 |a Chavarría Palma, Lisímaco  |d 1878-1913 
245 1 0 |a Obras completas de Lisímaco Chavarría  |c Lisímaco Chavarría Palma ; edición de Francisco Rodríguez Cascante  |h libro 
250 |a 1. edición 
260 |a San José, Costa Rica  |b Editorial de la Universidad de Costa Rica  |c 2013 
300 |a 2 volúmenes 
650 1 7 |2 LEMB  |a POESIA COSTARRICENSE 
650 1 7 |a LITERATURA COSTARRICENSE  |x POESIA 
700 1 2 |a Rodríguez Cascante, Francisco  |e editor 
942 |2 ddc  |c BK 
999 |c 1719  |d 1719